Statistics for Top 10 Paris Saint-Germain Starting XI

Click here to take the quiz!

General Stats

  • This quiz has been taken 1,650 times
    (50 since last reset)
  • The average score is 38 of 46

Answer Stats

TeamPlayer% Correct
2013-14, 2014-15, 2015-16, 2016-17, 2017-18, 2018-19Edinson Cavani
100%
2013-14, 2014-15, 2016-17, 2017-18, 2018-19, 2019-20, 2021-22, 2022-23Marco Verratti
100%
2013-14, 2014-15, 2015-16Zlatan Ibrahimović
100%
2021-22, 2022-23, 2023-24Achraf Hakimi
98%
2022-23, 2023-24Gianluigi Donnarumma
98%
2019-20, 2021-22Keylor Navas
98%
2021-22, 2022-23Lionel Messi
98%
2017-18, 2018-19, 2019-20, 2021-22, 2022-23, 2023-24Kylian Mbappé
95%
2015-16, 2016-17, 2017-18, 2018-19, 2019-20, 2021-22, 2022-23, 2023-24Marquinhos
95%
2013-14, 2014-15, 2015-16, 2016-17, 2018-19, 2019-20Thiago Silva
95%
2017-18, 2019-20, 2021-22Neymar
93%
2017-18, 2018-19Alphonse Areola
90%
2015-16, 2016-17, 2017-18, 2018-19, 2019-20Ángel Di María
90%
2023-24Ousmane Dembélé
90%
2019-20Mauro Icardi
88%
2015-16, 2016-17Kevin Trapp
86%
2022-23Sergio Ramos
86%
2013-14, 2014-15, 2015-16, 2016-17Blaise Matuidi
83%
2013-14Ezequiel Lavezzi
83%
2017-18, 2018-19, 2021-22Presnel Kimpembe
83%
2022-23, 2023-24Vitinha
83%
2021-22Idrissa Gueye
81%
2019-20Idrissa Gueye
81%
2018-19Julian Draxler
81%
2021-22, 2022-23Nuno Mendes
81%
2013-14, 2014-15, 2015-16, 2016-17Thiago Motta
81%
2014-15David Luiz
79%
2018-19, 2019-20Juan Bernat
79%
2015-16, 2016-17Lucas Moura
79%
2013-14, 2014-15Salvatore Sirigu
79%
2019-20Thomas Meunier
79%
2014-15Javier Pastore
76%
2013-14, 2014-15, 2015-16, 2016-17Maxwell
76%
2015-16, 2016-17Serge Aurier
76%
2023-24Bradley Barcola
74%
2021-22, 2022-23, 2023-24Danilo Pereira
74%
2018-19Thilo Kehrer
74%
2017-18Adrien Rabiot
71%
2013-14, 2014-15Gregory van der Wiel
69%
2023-24Lucas Hernández
69%
2023-24Manuel Ugarte
69%
2023-24Warren Zaire-Emery
69%
2017-18Dani Alves
67%
2022-23Fabián Ruiz
67%
2013-14Alex
60%
2017-18Yuri Berchiche
60%

Score Distribution

Percentile by Number Answered

Percent of People with Each Score

Your Score History

You have not taken this quiz since the last reset